На оръжие, братя... (Запис номер 142556)
[ съкратено ]
| 000 -Лидер | |
|---|---|
| Контролно поле с фиксирана дължина | 01136nam a2200289 c 4500 |
| 003 - Код на организацията, давaща контролен номер | |
| Контролно поле | BLK |
| 005 - Дата и час на последна редакция | |
| Контролно поле | 20230412162750.0 |
| 008 - Елементи от данни с фиксирана дължина | |
| fixed length control field | 180409b bul|||||r ||||||| ||bul|| |
| 010 ## - Наследен системен номер | |
| LC control number | KNG00148649000 |
| 040 ## - Източник на каталожния запис | |
| Идентификатор на билиотеката - собственик на записа | BLK |
| 041 ## - Код за език | |
| Код за езика на текст/звукозапис или на отделно заглавие | Български |
| Код за езика КДБФ | Български |
| 080 ## - УДК | |
| Текстов определител УДК | Българска литература |
| УДК код - определител по УДК | 821.163.2 |
| УДК определител | -93-34 |
| УДК - код + определител | 821.163.2-93-34 |
| 100 1# - Редна дума - Автор | |
| Автор | Стъпов, Петър Иванов |
| R(LIN) | 379327 |
| 139 ## - Редно поле | |
| Редна дума | Стъпов, Петър Иванов |
| Авторски знак | Сту - С 88 |
| 245 10 - Сведения за заглавието | |
| Заглавие | На оръжие, братя... |
| Подзаглавни данни | Ист. разказ : За начална училищна възраст |
| Редно поле (дума) | Петър Иванов Стъпов; ил. Тодор Атанасов. |
| 257 ## - Страна на издаване | |
| Страна на създаване/издаване | България |
| 260 ## - Област на издателските данни | |
| -- | София |
| Име на издателя, разпространителя и проч. | Бълг. художник |
| Година на издаване | 1976 |
| 300 ## - Физическа характеристика | |
| Страници | 16 с. |
| Илюстрации и др. | с ил. |
| Размери/Мащаб | 32 см |
| 380 ## - Жанр | |
| Жанр | Детска худож. лит. |
| 500 ## - Общи забележки | |
| Забележка | 200 120 тир. |
| 700 1# - Други автори (авторска отговорност) | |
| Лично име | Атанасов, Тодор |
| Автороска отговорност (Описва отношението между автора и произведението) | ил. |
| 9 (RLIN) | 378125 |
| 852 ## - Местоположение | |
| Форматна сигнатура | Цб ІІ 18764 |
| 856 4# - Електронен адрес и достъп | |
| Електронен формат | pdf - файл |
| Път до файла /url/ | |
| 856 4# - Електронен адрес и достъп | |
| Електронен формат | pdf - файл |
| Път до файла /url/ | |
| 942 ## - АРТИКУЛИ | |
| Вид на библиотечния материал | Книги |
| Скрит в OPAC | Не |
| Koha issues (borrowed), all copies | 1 |
| 944 ## - СЪЗДАВАНЕ И РЕДАКЦИЯ на ЗАПИСА | |
| Създаване/Редакция | Създаване |
| Дата на регистрацията/редакция | 06.08.2013 |
| Статус, дата на статуса | 06.08.2013 - от С1,Р / 06.08.2013 |
| Служител, извършил регистрацията/редакцията | Айшегюл_Сабриева |
| 944 ## - СЪЗДАВАНЕ И РЕДАКЦИЯ на ЗАПИСА | |
| Създаване/Редакция | Редакция |
| Дата на регистрацията/редакция | 06.08.2013 |
| Статус, дата на статуса | 06.08.2013 - от С1,Р / 06.08.2013 |
| Служител, извършил регистрацията/редакцията | |
| 999 ## - СИСТЕМНИ КОНТРОЛНИ НОМЕРА | |
| Koha biblionumber | 142556 |
| Koha biblioitemnumber | 142556 |
| Код за отписване | Код за изгубен артикул | Източник на класификационната схема | Код за повреда | Коз за рестрикции | Код за отдаване | Артикулен № | Име на библиотеката - собственик | Име на библиотеката, в която се намира в момента | Статус (Текущо местоположение) | Дата на вписване в системата | Местоположение - отдел | Цена в лева | Инвентарен номер | Систематично азбучна сигнатура | Баркод | Номер на екземпляра | Цена в евро | Служебна бележка | Служебен тип на артикула |
|---|---|---|---|---|---|---|---|---|---|---|---|---|---|---|---|---|---|---|---|
| Не е изгубен | Universal Decimal Classification | Не е повреден | само за читалня | ползва се в читалня | 235949 | Регионална библиотека "Любен Каравелов" Русе | Регионална библиотека "Любен Каравелов" Русе | Хранилище | 1976-01-01 | Хранилище | 0.33 | 205767 | Цб ІІ 18764 | 120000205767 | 1 | 0.17 | Вид: СФ N: стар фонд Дата: 01.01.1976 | Книги | |
| Не е изгубен | Universal Decimal Classification | Не е повреден | без рестрикции | заемане за дома | 235950 | Регионална библиотека "Любен Каравелов" Русе | Регионална библиотека "Любен Каравелов" Русе | Детски отдел | 1976-01-01 | Детски отдел | 0.33 | 206762 | ДХ 886.7/С 88 | 120000206762 | 2 | 0.17 | Вид: СФ N: стар фонд Дата: 01.01.1976 Дата инв: 17.09.2015 Бележки инв: Д2015 | Книги | |
| Изтеглен | Не е изгубен | Universal Decimal Classification | Не е повреден | без рестрикции | заемане за дома | 235951 | Регионална библиотека "Любен Каравелов" Русе | Регионална библиотека "Любен Каравелов" Русе | Детски отдел | 1976-01-01 | Детски отдел | 0.33 | 206763 | ДХ 886.7/С 88 | 206763 | 3 | 0.17 | Вид: СФ N: стар фонд Дата: 01.01.1976 Дата инв: 17.09.2015 Бележки инв: Д2015 | Книги |
| Не е изгубен | Universal Decimal Classification | Не е повреден | без рестрикции | заемане за дома | 235952 | Регионална библиотека "Любен Каравелов" Русе | Регионална библиотека "Любен Каравелов" Русе | Детски отдел | 1976-01-01 | Детски отдел | 0.33 | 206769 | ДХ 886.7/С 88 | 120000206769 | 4 | 0.17 | Вид: СФ N: стар фонд Дата: 01.01.1976 Дата инв: 17.09.2015 Бележки инв: Д2015 | Книги | |
| Не е изгубен | Universal Decimal Classification | Не е повреден | без рестрикции | заемане за дома | 235953 | Регионална библиотека "Любен Каравелов" Русе | Регионална библиотека "Любен Каравелов" Русе | Детски отдел | 1976-01-01 | Детски отдел | 0.50 | 636926 | ДХ 886.7/С 88 | 120000636926 | 5 | 0.26 | Вид: СФ N: стар фонд Дата: 01.01.1976 Дата инв: 17.09.2015 Бележки инв: Д2015 | Книги |